[Event "Oberpfalz-ch M2"]
[Site "Bad Koetzting"]
[Date "2018.03.27"]
[Round "8"]
[White "Wiesgickl, Gerhard"]
[Black "Kaltschmidt, Andreas"]
[Result "1-0"]
[WhiteElo "1957"]
[BlackElo "1677"]
[PlyCount "93"]
[EventDate "2018.03.24"]
[EventType "swiss"]
[EventRounds "8"]
[EventCountry "GER"]
[SourceTitle "EXT 2020"]
[Source "ChessBase"]
[SourceDate "2019.10.17"]
[SourceVersion "1"]
[SourceVersionDate "2019.10.17"]
[SourceQuality "1"]

1. Nf3 Nf6 2. b3 e6 3. Bb2 d5 4. e3 c5 5. Be2 Nc6 6. 0-0 Be7 7. d4 cxd4 8. exd4 0-0 9. Nbd2 b6 10. c4 Bb7 11. Rc1 Rc8 12. a3 a5 13. h3 h6 14. Re1 Re8 15. Bf1 Nh7 16. cxd5 exd5 17. Nh2 Bg5 18. Rc2 Rxe1 19. Qxe1 Qe8 20. Qxe8+ Rxe8 21. Ndf3 Bd8 22. Ng4 Ng5 23. Nfe5 Nxe5 24. dxe5 Ne6 25. g3 Be7 26. Bg2 Bc5 27. Rd2 Rd8 28. Kf1 Ba6+ 29. Ke1 d4 30. f4 Nc7 31. Nf2 Kf8 32. Ne4 Bb7 33. Nxc5 Bxg2 34. Na4 b5 35. Rxg2 bxa4 36. bxa4 Ne6 37. Rd2 Nc5 38. Bxd4 Nxa4 39. Bc5+ Ke8 40. Rxd8+ Kxd8 41. Bf8 g6 42. Bxh6 Ke8 43. Kd2 Nc5 44. Ke3 Nb3 45. g4 Na1 46. Kd3 Nb3 47. Kc4 1-0

[Event "Regionalliga NO 0910"]
[Site "Bayern"]
[Date "2009.10.18"]
[Round "1.7"]
[White "Wiesgickl, Gerhard"]
[Black "Lutz, Rainer"]
[Result "1-0"]
[WhiteElo "1877"]
[BlackElo "1858"]
[PlyCount "119"]
[EventDate "2009.10.18"]
[EventType "team-tourn"]
[EventRounds "9"]
[EventCountry "GER"]
[SourceTitle "EXT 2011"]
[Source "ChessBase"]
[SourceDate "2010.11.26"]
[SourceVersion "1"]
[SourceVersionDate "2010.11.26"]
[SourceQuality "1"]
[WhiteTeam "Amberg Siemens"]
[BlackTeam "Bechhofen"]
[WhiteTeamCountry "GER"]
[BlackTeamCountry "GER"]

1. e4 c5 2. Nf3 Nc6 3. d4 cxd4 4. Nxd4 Nf6 5. Nc3 a6 6. a4 e6 7. Be2 Bb4 8. 0-0 Bxc3 9. bxc3 Nxe4 10. Qd3 Nc5 11. Qe3 b6 12. Rd1 Qc7 13. Nf5 0-0 14. Nxg7 Qe5 15. Qxe5 Nxe5 16. Nh5 f5 17. Bf4 Ng6 18. Bc7 d5 19. Bxb6 Ne4 20. Ra3 Bd7 21. f3 Ng5 22. c4 Bc6 23. cxd5 Bxd5 24. c4 Bc6 25. Rd6 Be8 26. Ng3 Nf4 27. Bf1 Nf7 28. Rd2 Bc6 29. Ne2 Nxe2+ 30. Bxe2 Rfe8 31. a5 Rac8 32. c5 Bb7 33. Rd7 Bc6 34. Ra7 Ne5 35. Bxa6 Ra8 36. Rxa8 Bxa8 37. Bb5 Rc8 38. Re3 Nc6 39. Rxe6 Kf7 40. Rd6 Ne5 41. Rd8 Rxd8 42. Bxd8 Nc6 43. Bb6 Nd4 44. Bc4+ Kf6 45. Kf2 Ke5 46. Ke3 Nc2+ 47. Kd2 Nd4 48. Kd3 Nc6 49. Bc7+ Kf6 50. Ke3 Nb4 51. Bd8+ Kg6 52. Kf4 Bb7 53. Bb6 Kf6 54. g4 fxg4 55. fxg4 Nd5+ 56. Kg3 Nb4 57. h4 h6 58. Bc7 Nd5 59. Bd8+ Kg6 60. a6 1-0

[Event "Nuremberg LGA Cup 5th"]
[Site "Nuremberg"]
[Date "2008.09.07"]
[Round "6"]
[White "Wiesgickl, Gerhard"]
[Black "Kahlert, Thomas"]
[Result "1/2-1/2"]
[WhiteElo "2102"]
[BlackElo "2262"]
[PlyCount "67"]
[EventDate "2008.09.04"]
[EventType "swiss"]
[EventRounds "7"]
[EventCountry "GER"]
[SourceTitle "CBM 126 Extra"]
[Source "ChessBase"]
[SourceDate "2008.11.05"]
[SourceVersion "1"]
[SourceVersionDate "2008.11.05"]
[SourceQuality "1"]

1. e4 e5 2. Nf3 Nc6 3. d4 exd4 4. Nxd4 Nf6 5. Nxc6 bxc6 6. Nd2 d5 7. exd5 cxd5 8. Bb5+ Bd7 9. Bxd7+ Qxd7 10. 0-0 Be7 11. Nf3 0-0 12. Bg5 Rfe8 13. Re1 c5 14. Qd3 Rad8 15. Ne5 Qc7 16. Qf3 Bd6 17. Bxf6 gxf6 18. Ng4 Be5 19. Nxf6+ Bxf6 20. Qxf6 Qb6 21. Qg5+ Qg6 22. Qxg6+ hxg6 23. Rxe8+ Rxe8 24. Kf1 Kg7 25. Re1 Rb8 26. b3 Kf6 27. f4 Rb4 28. g3 a5 29. Re5 Rd4 30. Ke2 c4 31. bxc4 Rxc4 32. Kd3 Ra4 33. Rxd5 Ke6 34. Rb5 1/2-1/2

[Event "Nuremberg LGA Cup 5th"]
[Site "Nuremberg"]
[Date "2008.09.06"]
[Round "4"]
[White "Wiesgickl, Gerhard"]
[Black "Unzicker, Ferdinand"]
[Result "0-1"]
[WhiteElo "2102"]
[BlackElo "2308"]
[PlyCount "28"]
[EventDate "2008.09.04"]
[EventType "swiss"]
[EventRounds "7"]
[EventCountry "GER"]
[SourceTitle "CBM 126 Extra"]
[Source "ChessBase"]
[SourceDate "2008.11.05"]
[SourceVersion "1"]
[SourceVersionDate "2008.11.05"]
[SourceQuality "1"]

1. e4 e6 2. d4 d5 3. exd5 exd5 4. Bd3 Nf6 5. Ne2 c5 6. c3 Nc6 7. 0-0 Be7 8. Re1 0-0 9. dxc5 Bxc5 10. Bg5 Bxf2+ 11. Kh1 Bxe1 12. Qxe1 Ne5 13. Bc2 Ng6 14. Nd2 h6 0-1

[Event "Nuremberg LGA Cup 5th"]
[Site "Nuremberg"]
[Date "2008.09.04"]
[Round "1.81"]
[White "Dreiseitel, Werner"]
[Black "Wiesgickl, Gerhard"]
[Result "0-1"]
[WhiteElo "1365"]
[BlackElo "2102"]
[PlyCount "50"]
[EventDate "2008.09.04"]
[EventType "swiss"]
[EventRounds "7"]
[EventCountry "GER"]
[SourceTitle "EXT 2022"]
[Source "ChessBase"]
[SourceDate "2021.10.06"]
[SourceVersion "1"]
[SourceVersionDate "2021.10.06"]
[SourceQuality "1"]

1. d4 Nf6 2. c4 e5 3. dxe5 Ne4 4. Nf3 b6 5. Qd5 Bb7 6. Qxb7 Nc6 7. Qa6 Bb4+ 8. Bd2 Nc5 9. Qb5 Bxd2+ 10. Nbxd2 a6 11. Qxc5 bxc5 12. 0-0-0 Qe7 13. g3 Rb8 14. Bg2 0-0 15. Nb3 a5 16. Rd3 Nb4 17. Rd2 Nxa2+ 18. Kb1 Rxb3 19. Kxa2 Rfb8 20. Rhd1 h6 21. Rxd7 Rxb2+ 22. Ka3 R8b3+ 23. Ka4 Qe6 24. R1d5 Qc6+ 25. Kxa5 Qa8# 0-1

[Event "Regionalliga NO 0607"]
[Site "Bayern"]
[Date "2006.11.19"]
[Round "3.7"]
[White "Wiesgickl, Gerhard"]
[Black "Paar, Johannes"]
[Result "0-1"]
[WhiteElo "1896"]
[BlackElo "1836"]
[PlyCount "92"]
[EventDate "2006.10.15"]
[EventType "team-tourn"]
[EventRounds "9"]
[EventCountry "GER"]
[SourceTitle "EXT 2008"]
[Source "ChessBase"]
[SourceDate "2007.11.25"]
[SourceVersion "1"]
[SourceVersionDate "2007.11.25"]
[SourceQuality "1"]
[WhiteTeam "Amberg Siemens"]
[BlackTeam "Schwandorf"]
[WhiteTeamCountry "GER"]
[BlackTeamCountry "GER"]

1. e4 e5 2. Nf3 Nc6 3. d4 exd4 4. Nxd4 d6 5. Bc4 Be7 6. Nc3 Nf6 7. f3 Nxd4 8. Qxd4 Be6 9. Bxe6 fxe6 10. Be3 0-0 11. 0-0-0 e5 12. Qc4+ Kh8 13. Kb1 a6 14. Ne2 b5 15. Qb3 Nd7 16. Ng3 Bg5 17. Nf5 Bxe3 18. Qxe3 Nb6 19. h4 Nc4 20. Qc3 Qf6 21. Ne3 Nxe3 22. Qxe3 a5 23. Qc3 Qf7 24. Rd5 b4 25. Qc6 Ra7 26. Qc4 Rb8 27. Qe2 a4 28. Rb5 Raa8 29. Rxb8+ Rxb8 30. Qa6 b3 31. cxb3 axb3 32. a3 d5 33. Qa7 Rd8 34. Qe3 d4 35. Qd3 Rb8 36. Rc1 Qg6 37. Qd2 Qd6 38. Ka1 Qb6 39. Qd3 Qa5 40. Qc4 Qd2 41. Qxc7 Re8 42. Qc6 Rf8 43. Qc5 Re8 44. Qc4 h6 45. Rb1 Ra8 46. Qc6 Rxa3+ 0-1

[Event "Regionalliga NO 0607"]
[Site "Bayern"]
[Date "2006.10.29"]
[Round "2.7"]
[White "Erlbeck, Peter"]
[Black "Wiesgickl, Gerhard"]
[Result "1-0"]
[WhiteElo "2032"]
[BlackElo "1896"]
[PlyCount "53"]
[EventDate "2006.10.15"]
[EventType "team-tourn"]
[EventRounds "9"]
[EventCountry "GER"]
[SourceTitle "EXT 2008"]
[Source "ChessBase"]
[SourceDate "2007.11.25"]
[SourceVersion "1"]
[SourceVersionDate "2007.11.25"]
[SourceQuality "1"]
[WhiteTeam "Nuernberg Sued SW"]
[BlackTeam "Amberg Siemens"]
[WhiteTeamCountry "GER"]
[BlackTeamCountry "GER"]

1. e4 c5 2. Nc3 Nc6 3. f4 d6 4. Nf3 g6 5. Bc4 e6 6. 0-0 Bg7 7. d3 Nge7 8. Qe1 Nd4 9. Nxd4 cxd4 10. Ne2 0-0 11. Ng3 Nc6 12. Bd2 Bd7 13. f5 Ne5 14. Bb3 a5 15. a4 Ng4 16. h3 Ne3 17. Bxe3 dxe3 18. Qxe3 Bxb2 19. Rad1 Bg7 20. Qf4 Be5 21. Qg4 Kh8 22. d4 gxf5 23. Qf3 Bxg3 24. Qxg3 Bc6 25. d5 Be8 26. dxe6 Rg8 27. exf7 1-0

[Event "Oberpfalz-ch M1"]
[Site "Regensburg"]
[Date "2006.04.11"]
[Round "7.9"]
[White "Wiesgickl, Gerhard"]
[Black "Klimpel, Thomas"]
[Result "1/2-1/2"]
[WhiteElo "1889"]
[BlackElo "2064"]
[PlyCount "143"]
[EventDate "2006.04.08"]
[EventType "swiss"]
[EventRounds "8"]
[EventCountry "GER"]
[SourceTitle "EXT 2022"]
[Source "ChessBase"]
[SourceDate "2021.10.06"]
[SourceVersion "1"]
[SourceVersionDate "2021.10.06"]
[SourceQuality "1"]

1. e4 c5 2. Nf3 d6 3. d4 cxd4 4. Qxd4 Nc6 5. Bb5 Qa5+ 6. Nc3 Bd7 7. Bxc6 bxc6 8. 0-0 e5 9. Qd3 Nf6 10. Bg5 Be7 11. Rad1 Rb8 12. Nd2 Rb4 13. Nc4 Rxc4 14. Qxc4 Qb6 15. Qb3 Qc7 16. Qc4 Be6 17. Qa4 0-0 18. b4 h6 19. Bxf6 Bxf6 20. b5 Rc8 21. bxc6 Qxc6 22. Qxc6 Rxc6 23. Nd5 Bg5 24. c3 f5 25. Nb4 Rb6 26. exf5 Bxf5 27. Rd5 Be4 28. Ra5 Bd2 29. Rxa7 Bxc3 30. a3 Bd4 31. Ra6 Rxa6 32. Nxa6 Bd3 33. Nb4 Bxf1 34. Kxf1 Kf7 35. f3 Ke6 36. Ke2 d5 37. Kd3 Bb6 38. Na2 h5 39. Nc1 g5 40. Nb3 Kf5 41. a4 Kf4 42. a5 Ba7 43. a6 g4 44. fxg4 hxg4 45. Ke2 d4 46. Na5 Ke4 47. Nc6 d3+ 48. Kd2 Be3+ 49. Kd1 Bc5 50. Ke1 Kf4 51. Kd2 g3 52. h3 e4 53. a7 Be3+ 54. Ke1 Bxa7 55. Nxa7 Ke3 56. Nb5 d2+ 57. Kd1 Kd3 58. Nd4 Kxd4 59. Kxd2 e3+ 60. Ke2 Ke4 61. h4 Kf4 62. h5 Kg5 63. Kxe3 Kxh5 64. Kf3 Kh4 65. Kf4 Kh5 66. Kxg3 Kg5 67. Kf3 Kf5 68. g3 Kg5 69. g4 Kg6 70. Kf4 Kf6 71. g5+ Kg6 72. Kg4 1/2-1/2

[Event "Oberpfalz-ch M1"]
[Site "Regensburg"]
[Date "2006.04.10"]
[Round "6.10"]
[White "Mauerer, Ferdinand"]
[Black "Wiesgickl, Gerhard"]
[Result "1/2-1/2"]
[WhiteElo "1854"]
[BlackElo "1889"]
[PlyCount "21"]
[EventDate "2006.04.08"]
[EventType "swiss"]
[EventRounds "8"]
[EventCountry "GER"]
[SourceTitle "EXT 2022"]
[Source "ChessBase"]
[SourceDate "2021.10.06"]
[SourceVersion "1"]
[SourceVersionDate "2021.10.06"]
[SourceQuality "1"]

1. Nf3 Nf6 2. g3 c5 3. Bg2 Nc6 4. d4 cxd4 5. Nxd4 Qb6 6. Nxc6 dxc6 7. 0-0 Bf5 8. c3 e6 9. Nd2 Rd8 10. Qb3 Bc5 11. Qxb6 1/2-1/2

[Event "Oberpfalz-ch M1"]
[Site "Regensburg"]
[Date "2006.04.08"]
[Round "2.4"]
[White "Rieger, Martin"]
[Black "Wiesgickl, Gerhard"]
[Result "1-0"]
[WhiteElo "1961"]
[BlackElo "1889"]
[PlyCount "139"]
[EventDate "2006.04.08"]
[EventType "swiss"]
[EventRounds "8"]
[EventCountry "GER"]
[SourceTitle "EXT 2022"]
[Source "ChessBase"]
[SourceDate "2021.10.06"]
[SourceVersion "1"]
[SourceVersionDate "2021.10.06"]
[SourceQuality "1"]

1. d4 Nf6 2. Nf3 g6 3. Nc3 d5 4. Bf4 Bg7 5. Qd2 c6 6. e3 Nbd7 7. Bd3 0-0 8. Ne5 Nxe5 9. Bxe5 Nd7 10. Bxg7 Kxg7 11. f4 f6 12. f5 e5 13. fxe6 Nb6 14. h4 Bxe6 15. h5 Bg4 16. hxg6 hxg6 17. Qf2 Rh8 18. Kd2 f5 19. Rxh8 Qxh8 20. Qf4 Qh4 21. Ne2 Qe7 22. Rh1 Rh8 23. Rxh8 Kxh8 24. Qh6+ Qh7 25. Qf8+ Qg8 26. Qe7 Bxe2 27. Bxe2 Qg7 28. Qe8+ Kh7 29. Bd3 Nd7 30. Qa8 Nf6 31. Qxa7 Ne4+ 32. Bxe4 fxe4 33. Qb8 Qf7 34. Ke1 Qe7 35. Qh2+ Kg8 36. Qg3 Qf7 37. a4 Kg7 38. Qe5+ Kg8 39. b4 Qd7 40. Qg5 Kg7 41. c3 c5 42. dxc5 Qxa4 43. Qxd5 Qa6 44. Kd2 Kh6 45. Qxe4 Qa2+ 46. Kd3 Qb1+ 47. Kd4 Qd1+ 48. Ke5 Qd2 49. Kf6 Qd8+ 50. Kf7 Qd7+ 51. Qe7 Qd5+ 52. Kf8 Qf5+ 53. Kg8 Qd5+ 54. Kh8 Kh5 55. Kg7 Qxg2 56. Qe5+ g5 57. b5 Qb2 58. Kf6 Qf2+ 59. Ke6 Qb2 60. c6 bxc6 61. bxc6 Qb3+ 62. Kd7 Qf7+ 63. Qe7 Qd5+ 64. Qd6 Qf7+ 65. Kc8 g4 66. c7 Qe8+ 67. Kb7 Qb5+ 68. Qb6 Qd7 69. c4 Qe7 70. Kb8 1-0

[Event "Oberpfalz-ch M1"]
[Site "Schwarzenfeld"]
[Date "2005.??.??"]
[Round "6"]
[White "Riedl, Maximilian"]
[Black "Wiesgickl, Gerhard"]
[Result "1/2-1/2"]
[WhiteElo "2125"]
[BlackElo "2139"]
[PlyCount "85"]
[EventDate "2005.03.19"]
[EventType "swiss"]
[EventRounds "8"]
[EventCountry "GER"]
[SourceTitle "EXT 2022"]
[Source "ChessBase"]
[SourceDate "2021.10.06"]
[SourceVersion "1"]
[SourceVersionDate "2021.10.06"]
[SourceQuality "1"]

1. Nf3 Nf6 2. d4 c5 3. e3 cxd4 4. exd4 d5 5. Bd3 Bg4 6. Nbd2 Nc6 7. c3 e6 8. 0-0 Bd6 9. Qe1 Qc7 10. h3 Bh5 11. Qd1 h6 12. g4 Bg6 13. Bxg6 fxg6 14. Qc2 Qf7 15. Re1 0-0-0 16. Qd3 Rdf8 17. Qe2 Re8 18. Ne5 Bxe5 19. dxe5 Nd7 20. Nf3 Ref8 21. Nd4 Nxd4 22. cxd4 g5 23. Be3 Kb8 24. Rac1 Rc8 25. Qb5 Rhd8 26. Kg2 Nf8 27. a4 Ng6 28. Qe2 Rf8 29. b4 Qe7 30. Qb2 Nh4+ 31. Kf1 Qf7 32. Qe2 Qd7 33. b5 Rf3 34. Rxc8+ Qxc8 35. Rc1 Qd7 36. Qb2 Rxh3 37. Kg1 h5 38. b6 axb6 39. gxh5 Qf7 40. Kf1 Rxe3 41. Qxb6 Qf3 42. Qd8+ Ka7 43. Qa5+ 1/2-1/2

[Event "Oberpfalz-ch M1"]
[Site "Schwarzenfeld"]
[Date "2005.??.??"]
[Round "2"]
[White "Weigert, Wilhelm"]
[Black "Wiesgickl, Gerhard"]
[Result "1-0"]
[WhiteElo "2076"]
[BlackElo "2139"]
[PlyCount "85"]
[EventDate "2005.03.19"]
[EventType "swiss"]
[EventRounds "8"]
[EventCountry "GER"]
[SourceTitle "EXT 2022"]
[Source "ChessBase"]
[SourceDate "2021.10.06"]
[SourceVersion "1"]
[SourceVersionDate "2021.10.06"]
[SourceQuality "1"]

1. c4 e5 2. Nc3 Bb4 3. Nf3 Bxc3 4. dxc3 Nc6 5. Bg5 f6 6. Bh4 d6 7. e4 Be6 8. Be2 Nge7 9. Qd2 Qd7 10. Rd1 g5 11. Bg3 h5 12. h3 0-0-0 13. b4 Ng6 14. Qb2 Qf7 15. Nd2 f5 16. exf5 Bxf5 17. b5 Na5 18. Qb4 b6 19. Qa4 Kb8 20. Nf3 Qf6 21. h4 g4 22. Ng5 Nb7 23. 0-0 Nf4 24. Rfe1 Nc5 25. Qa3 Nce6 26. Nxe6 Bxe6 27. Bf1 Ng6 28. Re4 Bc8 29. c5 dxc5 30. Rde1 Rhf8 31. Ra4 a5 32. bxa6 Ka7 33. Rae4 Rd2 34. R4e2 Rxe2 35. Rxe2 Nf4 36. Rd2 Ng6 37. Rd5 Rd8 38. Rxd8 Qxd8 39. Qc1 Qf6 40. Qh6 Qf5 41. Qg7 Nf4 42. Qxc7+ Ka8 43. a7 1-0

[Event "Oberpfalz-ch M1"]
[Site "Schwarzenfeld"]
[Date "2005.??.??"]
[Round "3"]
[White "Wiesgickl, Gerhard"]
[Black "Straschewski, Joerg"]
[Result "1/2-1/2"]
[WhiteElo "2139"]
[BlackElo "1989"]
[PlyCount "67"]
[EventDate "2005.03.19"]
[EventType "swiss"]
[EventRounds "8"]
[EventCountry "GER"]
[SourceTitle "EXT 2022"]
[Source "ChessBase"]
[SourceDate "2021.10.06"]
[SourceVersion "1"]
[SourceVersionDate "2021.10.06"]
[SourceQuality "1"]

1. e4 e6 2. d4 d5 3. exd5 exd5 4. Bd3 c5 5. c3 Nc6 6. Ne2 c4 7. Bc2 Bg4 8. Bf4 Nf6 9. f3 Bh5 10. 0-0 Bg6 11. Re1 Be7 12. Ng3 Qd7 13. Nd2 0-0 14. Ndf1 Rfe8 15. Qd2 b5 16. b4 cxb3 17. Bxb3 Rac8 18. Ne3 b4 19. Nd1 bxc3 20. Nxc3 Bb4 21. Ba4 Qb7 22. Rxe8+ Nxe8 23. Qb2 Qa6 24. Bxc6 Bxc3 25. Qxc3 Qxc6 26. Qxc6 Rxc6 27. Rc1 Ra6 28. Rc8 f6 29. Rd8 Rxa2 30. Rxd5 Bf7 31. Rd8 g6 32. Bh6 f5 33. d5 Ra6 34. Be3 1/2-1/2